000 01333nam a2200325 a 4500
999 _c380857
_d380857
003 BLK
005 20250426114244.0
008 180411b bul|||||r ||||||| ||bul||
010 _aKNG00199317000
020 _a9786190011118
040 _aBLK
041 _aBUL
_cBUL
080 _aАмериканска литература (на САЩ)
_b821.111(73)
_x-992
_z821.111(73)-992
100 1 _aУайнър, Ерик Дж.
_eпърви автор
_9278066
139 _aУайнър, Ерик Дж.
_bУ 13
245 1 0 _aГеография на мъдростта или Експрес Сократ
_cЕрик Дж. Уайнър; прев. от англ. Нейко Генчев Генчев.
257 _aUSA
260 _bФабер
_c2020
_aВ. Търново
300 _a408 с.
_c22 см
380 _aX
500 _aОриг. загл. The Socrates Express : In Search of Life Lessons from Dead Philosophers / Eric Weiner
504 _aБиблиогр. 377-395 с. ; Индекс 396-405 с.
653 _aпътеписи
700 1 _aГенчев, Нейко Генчев
_eпрев. от англ.
_9382469
942 _cKNG
_n0
_059
_s1
944 _aCR
_c19.01.2017
_lСевдалина Тодорова
_k30540
944 _aED
_c14.09.2017
_lф /
_kПенка_Димитрова
999 _d380857
999 _d380857